| 000 | 02374nam2a22002411 4500 | ||
|---|---|---|---|
| 001 | v19\rc\1737897 | ||
| 005 | 20250619055131.0 | ||
| 035 | _a(NLR Aleph) 004846371 | ||
| 090 |
_a4875467 _c4875467 |
||
| 100 | _a20061204d1902 |||y0rusy50 ca | ||
| 101 | 0 | _arus | |
| 102 | _aRU | ||
| 105 | _ay z ||||| | ||
| 200 | 0 | _aЧ. 2 | |
| 461 | 0 |
_1001v19\rc\1737896 _12001#$aПолное практическое руководство и справочная книга к новому уставу о гербовом сборе. I. Устав о гербовом сборе в алфавитном порядке со всеми разъяснениями. II. Устав о гербовом сборе (офиц. текст) со всеми инструкциями и разъяснениями министра финансов, законодательными мотивами, мнениями Государственного совета, разъяснениями Сената, циркулярами и статьей: "Обзор нового устава и отличие его от прежнего"$fСост. К. Абрамович$vЧ. 2 _1700#1$aАбрамович$bК.Г.$gКопель Гиршевич$4220 _94875459 _aАбрамович, К.Г. _cСанкт-Петербург _d1902 _e3-е изд., доп. _fСост. К. Абрамович _nтип. И. Гольдберга _p[546] с. разд. паг. _tПолное практическое руководство и справочная книга к новому уставу о гербовом сборе. I. Устав о гербовом сборе в алфавитном порядке со всеми разъяснениями. II. Устав о гербовом сборе (офиц. текст) со всеми инструкциями и разъяснениями министра финансов, законодательными мотивами, мнениями Государственного совета, разъяснениями Сената, циркулярами и статьей: "Обзор нового устава и отличие его от прежнего" _vЧ. 2 |
|
| 801 | 0 |
_aRU _bNLR _gpsbo |
|
| 801 | 0 |
_aRU _bRuMoRGB _2psbo |
|
| 801 | 1 |
_aRU _bProSoft-M _2rusmarc |
|
| 852 |
_aNLR _j34.3.2.46 |
||
| 899 |
_aRuMoRGB _jE 53/79 |
||
| 899 | _aБАН | ||
| 942 | _cBOOK | ||
| 980 | _aNB | ||